000 00963cam a2200253 a 4500
001 000008813
005 20240422104514.0
008 740208s1970 pr 000 f spa d
035 _a(OCoLC)794354
040 _aDO-SdBNP
_cOU
_dOCoLC
_dBNPHU
082 _aCh863.4
_bB142f
100 1 _aBaeza Flores, Alberto,
_d1914-1998
_97565
245 1 3 _aLa frontera del adiós :
_bnovela del exilio /
_cAlberto Baeza Flores ; prólogo de Luis Alberto Sánchez.
260 _aSan Juan, Puerto Rico :
_bSan Juan ;
_aSan José, Costa Rica :
_bÉpoca y Ser,
_c1970.
_e(Barcelona :
_fArtes Gráficas Medinaceli)
300 _a322 p. ;
_c22 cm.
490 1 _aNovelistas de América Latina. Tiempo de hora
650 4 _aNovela chilena
_93163
650 4 _aLiteratura chilena
_93164
700 1 _aSánchez, Luis Alberto,
_epról.
_923357
830 0 _aNovelistas de América Latina.
_pTiempo de hora
_923358
910 _aCatalogación por copia / LC
910 _aWM
049 _aBNGR
999 _c8582
_d8582